|
|
|
|
| LEADER |
00000nam a22000007a 4500 |
| 005 |
20180523165940.0 |
| 007 |
cr|||| ||| |
| 008 |
180523c20189999sp |||| s|||| 0|||a1spa d |
| 035 |
|
|
|a 21688
|
| 040 |
|
|
|a vLex
|
| 090 |
|
|
|c 7993
|d 7993
|
| 245 |
0 |
0 |
|a Legal
|h [Recurso electrn̤ico] :
|b Jurd̕ico y Fiscal
|
| 256 |
|
|
|a Servicio en ln̕ea
|
| 260 |
|
|
|a Barcelona :
|b Editorial vLex,
|c 2018 -
|
| 300 |
|
|
|a 1 recurso electrn̤ico
|
| 362 |
|
|
|a Nm︢. 1 (2018) -
|
| 506 |
|
|
|a Contenido solo disponible en los productos indicados
|d vLex Global
|d vLex Global (Academic Edition, excluding Law Schools)
|d vLex Global (U.S. Academic Edition, Law Schools)
|d vLex Global (U.S. Academic Edition, excluding Law Schools)
|d vLex Global (Academic Edition, Law Schools)
|
| 650 |
0 |
4 |
|a Impuestos
|z Mx̌ico
|
| 740 |
0 |
4 |
|a vLex Revistas (Servicio en ln̕ea)
|
| 856 |
4 |
0 |
|u http://vlex.com/source/legal-21688
|z Acceso restringido
|
| 942 |
|
|
|c REV
|
| 999 |
0 |
|
|a Taxation
|